01271 2200205 4500001002100000005001500021008004100036035002000077082000800097084001400105100002200119245005300141250000600194260003800200300001200238520078100250650001001031990001201041990001201053INLIS00000000000097120240530094646240530 1 ind  a0010-0524000206 a813 a813 DYA g aPrameswarie, Dyah1 aGendhis; Troe, Forget Me Not /cDyah Prameswarie a1 aYogyakarta :bSheila/ Andi,c2014 a218 hlm aAku merentangkan kedua tanganku, menjatuhkan kepala di dada Dave dan memeluknya erat-erat. Butuh setengah menit bagi Dave untuk mendekapku. Air mataku berjatuhan dan aku mendengar ia membisikkan, Welcome home, Ndhis, to the place you called it love. *** Pulang ke Surabaya, buat Gendhis adalah pilihan sulit. Bukan hanya karena klien yang harus ditemuinya, tapi karena mimpi yang menghantuinya. Mimpi yang sama selama empat tahun. Mimpi yang menuntunnya menemukan sebentuk kenangan masa kecil. Desau angin yang meniup daun-daun kersen rupanya sedang berkonsiprasi menuntun Gendhis menemukan kembali cinta pertamanya. Kata orang, cinta pertama tak lekang oleh waktu. Betulkah begitu? Apakah Gendhis berhasil menemukan lelaki cinta pertamanya? Mampukah ia menolak kata hatinya? 4aFiksi a0741696 a0741697